01465nam a2200373Ia 4500001001200000003000800012006001900020007001500039008004100054010001700095020001500112040002100127035002100148050002600169082001400195100002800209245015100237250001200388260003600400300001900436500005700455500002000512533015200532650005700684650005100741650005100792655002900843700001600872700001900888700002400907710001700931856012600948999001701074ebr10152542CaPaEBRm u cr cn|||||||||050616s2005 caua s 001 0 eng d z 2005929270 z0782144438 aCaPaEBRcCaPaEBR a(OCoLC)56796651914aQA76.3b.T5735 2005eb04a005.82221 aStewart, James Michael.10aCISSPh[electronic resource] :bCertified Information Systems Security Professional study guide /cJames Michael Stewart, Ed Tittel, Mike Chapple. a3rd ed. aSan Francisco :bSYBEX,cc2005. a759 p. :bill. aTittle's name appears first on the earlier editions. aIncludes index. aElectronic reproduction.bPalo Alto, Calif. :cebrary,d2009.nAvailable via World Wide Web.nAccess may be limited to ebrary affiliated libraries. 0aElectronic data processing personnelxCertification. 0aComputer networksxExaminationsvStudy guides. 0aComputer securityxExaminationsvStudy guides. 7aElectronic books.2local1 aTittel, Ed.1 aChapple, Mike.1 aTittel, Ed.tCISSP.2 aebrary, Inc.40uhttp://site.ebrary.com/lib/rucke/Doc?id=10152542zAn electronic book accessible through the World Wide Web; click to view c95285d95285